000 00715nam a2200289Ia 4500
005 20260324113929.0
008 008 260324s9999 xx 000 0 eng d
020 _a9781003411390
037 _aEBOOK
040 _aCRL
040 _beng
040 _cCRL
041 _2eng
041 _aeng
084 _qCRL
100 _aFredrik Nilsson; Jan Marton; Peter Öhman
_91148744
245 0 _aAuditing Transformation
245 0 _bRegulation, Digitalisation and Sustainability
260 _bTaylor and Francis
260 _c2023
365 _a
365 _b240
856 _uhttp://www.taylorfrancis.com/books/9781003411390
942 _cEBOOK
999 _c1738655
_d1738655